[Event "FRA-ch66 corr"]
[Site "France"]
[Date "2000.??.??"]
[Round "?"]
[White "Thirion, Patrick"]
[Black "Sebagh, William"]
[Result "1-0"]
[WhiteElo "2350"]
[BlackElo "2385"]
[PlyCount "65"]
[EventDate "2000.??.??"]
[EventType "tourn (corr)"]
[EventRounds "8"]
[EventCountry "FRA"]
[SourceTitle "Corr 2002"]
[Source "ChessBase"]
[SourceDate "2002.05.23"]
[SourceVersion "1"]
[SourceVersionDate "2002.05.23"]
[SourceQuality "1"]

1. e4 e6 2. d4 d5 3. e5 c5 4. c3 Nc6 5. Nf3 Bd7 6. Be2 Nge7 7. Na3 cxd4 8. cxd4 Nf5 9. Nc2 h5 10. 0-0 Be7 11. Rb1 g5 12. b4 g4 13. b5 gxf3 14. bxc6 fxe2 15. cxd7+ Qxd7 16. Qxe2 Rc8 17. Bb2 Qa4 18. Ne3 Nxe3 19. fxe3 Rc2 20. Qd3 Rg8 21. Rf2 Rxf2 22. Kxf2 Rg5 23. a3 Rf5+ 24. Kg1 a6 25. Bc3 Qxa3 26. h3 Qa2 27. Bd2 b5 28. Rc1 Rg5 29. Rc8+ Bd8 30. Qc3 Qb1+ 31. Bc1 Qe4 32. g4 Rg8 33. Qc7 1-0

[Event "FRA-ch66 corr"]
[Site "France"]
[Date "2000.??.??"]
[Round "?"]
[White "Wagner, Bruno"]
[Black "Thirion, Patrick"]
[Result "0-1"]
[WhiteElo "2355"]
[BlackElo "2350"]
[PlyCount "78"]
[EventDate "2000.??.??"]
[EventType "tourn (corr)"]
[EventRounds "8"]
[EventCountry "FRA"]
[SourceTitle "Corr 2002"]
[Source "ChessBase"]
[SourceDate "2002.05.23"]
[SourceVersion "1"]
[SourceVersionDate "2002.05.23"]
[SourceQuality "1"]

1. d4 e6 2. Nc3 d5 3. Bf4 Bb4 4. a3 Bxc3+ 5. bxc3 Nf6 6. e3 c5 7. Bxb8 Rxb8 8. dxc5 0-0 9. Qd4 Qc7 10. Nf3 Re8 11. Ne5 Ne4 12. Bb5 Rd8 13. Nd3 f6 14. f3 e5 15. Qb4 a5 16. Qb2 Nxc5 17. 0-0 Be6 18. Rab1 b6 19. Nf2 Nb7 20. Qa2 Nd6 21. Rfe1 Bf7 22. Bd3 b5 23. Bf1 Qc5 24. Nd3 Qa7 25. Nf2 Rdc8 26. Nd1 Qc5 27. Rb3 Bg6 28. Qb1 Rb7 29. Qc1 Rbc7 30. Kh1 Rd8 31. Qb1 Be8 32. Qc1 Bc6 33. Qb1 Rdc8 34. Qc1 Be8 35. Be2 f5 36. Bf1 e4 37. f4 Nc4 38. Be2 Rc6 39. Nf2 Nxe3 0-1